00774nam a2200157Ia 4500008004100000100002500041245015700066245014500223260005300368260001900421300000800440650001500448856006100463999001900524952007300543170221s9999 xx 000 0 und d aMohd Zainudin Othman 2aA Strategy towards Team Integration Practice for Improving the Design and Construction Process in the Malaysian Industrialized Building System Projects  cMohd Zainudin Othman, Mohd Nasrun Mohd Nawi, Faizatul Akmar Abdul Nifa, Mazri Yaakob, Khadafi Rofie, Zainal Md Zan, Mohd Affendi Ahmad Pozin bInternational Review of Management and Marketing cSeptember 2016 a5:3 xMarketing. uhttp://www.econjournals.com/index.php/irmm/issue/view/97 c309983d309983 001040aCLbCLd2017-02-21l0r2017-02-21 00:00:00w2017-02-21yFOJ